Célèbres sketchs d'humoristes - Statistiques

Statistiques générales
  • Ce quiz a été pris 72 fois
  • Le résultat moyen est 15 sur 50
Statistiques - réponses
Indice Reponses % Correct
Au restaurant vient le moment de payer mais personne ne veut partager en parts égales Créateur/trice Muriel Robin
92%
Quand une maman apprend que sa fille se marie le lendemain avec Félix Lechat... Créateur/trice Muriel Robin
92%
Parodie d'une émission qui essayait de créer des couples Créateur/trice Les Inconnus
83%
Titre L'Addition
82%
Une célèbre marque allemande chez les Chtis Créateur/trice Dany Boon
80%
Comment rire d'un célèbre vêtement ! Créateur/trice Dany Boon
80%
Une partie d'un célèbre jeu de plateau dégénère Créateur/trice Pierre Palmade
62%
Créateur/trice Valérie Lemercier
52%
Description d'une réunion de famille d'aristocrates dans une maison de campagne... Créateur/trice Valérie Lemercier
52%
Parodie d'une célébre émission de chanson pour enfants par une humoriste redevenue petite fille et un présentateur si ressemblant Créateur/trice Alain Chabat
46%
Pendant un slow, on entend les pensées des deux danseurs Créateur/trice Guy Bedos
46%
Un homosexuel parle du monde du football et des footballeurs Créateur/trice Guy Bedos
46%
Titre Le Scrabble
46%
Titre Tournez ménages
46%
Devant une porte d'appartement fermée, un artisan se présente, une voix lui répond... Créateur/trice Fernand Reynaud
40%
Au passage en douane, un neveu est arrête avec une poudre suspecte, il téléphone à son oncle Créateur/trice Fernand Reynaud
40%
Titre Le K-Way
35%
Une innovation extraordinaire qu'on peut aussi utiliser en porte-clés Créateur/trice Florence Foresti
34%
Quand l'eau ne contient pas que de l'eau... Créateur/trice Bourvil
32%
Titre Le permis de conduire
32%
Créateur/trice Jean Yanne
31%
Créateur/trice Pierre Dac
29%
Un mage et son assistant se produisent devant le public... Créateur/trice Francis Blanche
28%
Titre L'eau ferrugineuse
26%
Titre Le Plombier
26%
Observations sur la côte Créateur/trice Raymond Devos
25%
Créateur/trice Sophie Daumier
23%
Titre Allô Tonton, pourquoi tu tousses ?
20%
Titre La Drague
17%
Titre L'Ecole du fan
17%
Un salon de coiffure pour dames plus vrai que nature Créateur/trice Sylvie Joly
17%
Une groupie écrit à Johnny Hallyday... Créateur/trice Sylvie Joly
17%
Un couple sort d'un diner et commente celui-ci... Créateur/trice Sylvie Joly
17%
Titre Ercedes
15%
L'informatique ce n'est pas si simple Créateur/trice Anne Roumanoff
12%
Titre L'avion de Barbie
9%
Titre Carton Rose
8%
Titre Le Noir
8%
Les mémoires d'un grand champion ne sont pas au programme de l'école, Yourcenar oui : Créateur/trice Les Deschiens
8%
Titre La mer démontée
5%
Titre L'après-diner
5%
Le jour de l'examen indispensable avant de prendre la route Créateur/trice Lawrence Riesner
5%
Titre Le Sâr Rabindranath Duval
5%
Titre Lettre à Johnny
5%
Quand on devient addict à un magasin... Créateur/trice Chantal Ladesous
2%
Titre La Coiffeuse
2%
Titre Ikea addict
0%
Titre La Renardière
0%
Titre Les mémoires de Poulidor
0%
Titre L'internet
0%
Aucun quiz correspondant
Distribution des résultats
% des personnes avec chaque résultat
Percentile par nombre de réponses
Votre historique - résultats
Vous n’avez pas pris ce quiz